Normal view
MARC view
Entry Topical Term
001 - CONTROL NUMBER
- control field: 45167
003 - CONTROL NUMBER IDENTIFIER
- control field: ARRUPE
005 - DATE AND TIME OF LATEST TRANSACTION
- control field: 20190312145330.0
008 - FIXED-LENGTH DATA ELEMENTS
- fixed length control field: 190312|| aca||aabn | a|a d
040 ## - CATALOGING SOURCE
- Original cataloging agency: ARRUPE
- Transcribing agency: ARRUPE
150 ## - HEADING--TOPICAL TERM
- Topical term or geographic name as entry element: Monasticism and religious orders for women
- Geographic subdivision: Europe
- General subdivision: History.
670 ## - SOURCE DATA FOUND
- Source citation: Work cat.: (ARRUPE)0: Ranft, Patricia. 45166, Women and the religious life in premodern Europe /, 1996.